000 00318nam a2200121Ia 4500
008 220217s9999||||xx |||||||||||||| ||und||
082 _a894.814 1 JAG
100 _aJagadhatmananda, Swamy
245 0 _aBadhukalu kaliyiri
260 _aRamakrishna asrama
_bMysore
_c2001
300 _b90
650 _aGENERAL BOOKS
999 _c172404
_d172404